• 首页
  • 本馆介绍
  • 公告通知
  • 最新文献
  • 馆藏检索
  • 电子资源
  • 读者导购
  • 参考咨询
  • 我的图书馆
  • 登录
  • 详细信息显示
  • 放入我的书架
  • 预约/预借图书
  • 作者相关作品
  • 分类相关作品
  • 丛书相关作品
  • 出版社相关作品

书目信息

  • 表格格式
  • 工作单格式
  • 卡片格式
题名:
市场监督管理业务培训读本
    
 
作者: 本书编写组编著
分册:  
出版信息: 北京   中国工商出版社  2016.05
页数: 533页
开本: 23cm
丛书名:
单 册:
中图分类: F723.6 , F723
科图分类:
主题词: 市场管理--shi chang guan li--中国--学习参考资料
电子资源:
ISBN: 978-7-80215-851-1
000 01051nam0 2200217 450
001 2349955748
005 20231124135250.24
010    @a978-7-80215-851-1@dCNY80.00
100    @a20170303d2016 em y0chiy50 ea
101 0  @achi
102    @aCN@b110000
105    @ay z 000yy
200 1  @a市场监督管理业务培训读本@Ashi chang jian du guan li ye wu pei xun du ben@f本书编写组编著
210    @a北京@c中国工商出版社@d2016.05
215    @a533页@d23cm
330    @a本书突出市场监督管理业务的实务操作, 以坚持服务实际执法为原则, 以大市场监管的主要职能为核心, 以所涉及的法律法规为主线, 主要包括市场主体准入、市场主体监管、市场监管领域行政处罚程序、不正当竞争行为的查处、制售不合格产品行为的查处、侵害消费者合法权益行为的查处、商标侵权行为的查处、违法广告行为的查处、网络交易违法行为的查处、合同违法行为的查处、食品安全监督管理、药品监督管理、常见特种设备安全使用中的违法行为的查处等内容。
606 0  @a市场管理@Ashi chang guan li@y中国@j学习参考资料
690    @aF723.6@v5
690    @aF723@v4
801  0 @aCN@b人天书店@c20170303
905    @aBZT@dF723@e7
    
    市场监督管理业务培训读本/本书编写组编著.-北京:中国工商出版社,2016.05
    533页;23cm
    
    
    ISBN 978-7-80215-851-1:CNY80.00
    本书突出市场监督管理业务的实务操作, 以坚持服务实际执法为原则, 以大市场监管的主要职能为核心, 以所涉及的法律法规为主线, 主要包括市场主体准入、市场主体监管、市场监管领域行政处罚程序、不正当竞争行为的查处、制售不合格产品行为的查处、侵害消费者合法权益行为的查处、商标侵权行为的查处、违法广告行为的查处、网络交易违法行为的查处、合同违法行为的查处、食品安全监督管理、药品监督管理、常见特种设备安全使用中的违法行为的查处等内容。
●
相关链接 在五车中查询图书 在当当中查询图书 在豆瓣中查询图书


正题名:市场监督管理业务培训读本     索取号:F723/7         预约/预借

序号 登录号 条形码 馆藏地/架位号 状态 备注
1 2001102775   2001102775   东辅楼二楼书库/ [索取号:F723/7] 在馆    
2 2001102776   2001102776   东辅楼二楼书库/ [索取号:F723/7] 在馆    
3 2001102777   2001102777   东辅楼二楼书库/ [索取号:F723/7] 在馆    
4 2001102778   2001102778   东辅楼二楼书库/ [索取号:F723/7] 在馆    
5 2001102779   2001102779   东辅楼二楼书库/ [索取号:F723/7] 在馆    
6 2001102780   2001102780   东辅楼二楼书库/ [索取号:F723/7] 在馆    
7 2001102781   2001102781   东辅楼二楼书库/ [索取号:F723/7] 在馆    
8 2001102782   2001102782   东辅楼二楼书库/ [索取号:F723/7] 在馆    
9 2001102783   2001102783   东辅楼二楼书库/ [索取号:F723/7] 在馆    
10 2001102784   2001102784   东辅楼二楼书库/ [索取号:F723/7] 在馆    
11 2001102785   2001102785   东辅楼二楼书库/ [索取号:F723/7] 在馆    
12 2001102786   2001102786   东辅楼二楼书库/ [索取号:F723/7] 在馆    
13 2001102787   2001102787   东辅楼二楼书库/ [索取号:F723/7] 在馆    
14 2001102788   2001102788   东辅楼二楼书库/ [索取号:F723/7] 在馆    
15 2001102789   2001102789   东辅楼二楼书库/ [索取号:F723/7] 在馆    
16 2001102790   2001102790   东辅楼二楼书库/ [索取号:F723/7] 在馆    
17 2001102791   2001102791   东辅楼二楼书库/ [索取号:F723/7] 在馆    
18 2001102792   2001102792   东辅楼二楼书库/ [索取号:F723/7] 在馆    
19 2001102793   2001102793   东辅楼二楼书库/ [索取号:F723/7] 在馆    
20 2001102794   2001102794   东辅楼二楼书库/ [索取号:F723/7] 在馆    
21 2001102795   2001102795   东辅楼二楼书库/ [索取号:F723/7] 在馆    
22 2001102796   2001102796   东辅楼二楼书库/ [索取号:F723/7] 在馆    
23 2001102797   2001102797   东辅楼二楼书库/ [索取号:F723/7] 在馆    
24 2001102798   2001102798   东辅楼二楼书库/ [索取号:F723/7] 在馆    
25 2001102799   2001102799   东辅楼二楼书库/ [索取号:F723/7] 在馆    
26 2001102800   2001102800   东辅楼二楼书库/ [索取号:F723/7] 在馆    
27 2001102801   2001102801   东辅楼二楼书库/ [索取号:F723/7] 在馆    
28 2001102802   2001102802   东辅楼二楼书库/ [索取号:F723/7] 在馆    
29 2001102803   2001102803   东辅楼二楼书库/ [索取号:F723/7] 在馆    
30 2001102804   2001102804   东辅楼二楼书库/ [索取号:F723/7] 在馆    
山东省滨州职业学院图书馆 欢迎您!
大连网信软件有限公司© 版权所有